Skip to main content
Your cart is empty.
Your lists
Log in to create your own lists
Your cookies
العربية
English
العربية
Home
Search
Advanced search
Authority search
About
The noble scholar, jurist, historian
His Excellency Dr. Abdul Wahhab bin Ibrahim Abu Sulaiman, may Allah have mercy on him.
He was born in Umm Al-Qura in the year 1356 AH.
Library catalog
Title
Author
Subject
ISBN
ISSN
Series
Call number
Log in to your account
×
Login:
Password:
Home
MARC view: المصباح المنير في غريب الشرح الكبير للرافعي /
Normal view
MARC view
ISBD view
المصباح المنير في غريب الشرح الكبير للرافعي / (Record no. 9710)
[
view plain
]
MARC details
000 -LEADER
fixed length control field
01172cam a22002531i 4500
003 - CONTROL NUMBER IDENTIFIER
control field
SA-RiAUC
005 - DATE AND TIME OF LATEST TRANSACTION
control field
20250710063817.0
008 - FIXED-LENGTH DATA ELEMENTS--GENERAL INFORMATION
fixed length control field
250708q19001999le g d 00000 ara c
040 ## - CATALOGING SOURCE
Original cataloging agency
SA-JeALM
Language of cataloging
ara
Transcribing agency
SA-RiAUC
Description conventions
rda
050 #4 - LIBRARY OF CONGRESS CALL NUMBER
Item number
.F39 1900z
082 04 - DEWEY DECIMAL CLASSIFICATION NUMBER
Classification number
413
Assigning agency
SA-RiAUC
090 ## - LOCALLY ASSIGNED LC-TYPE CALL NUMBER (OCLC); LOCAL CALL NUMBER (RLIN)
Classification number (OCLC) (R) ; Classification number, CALL (RLIN) (NR)
413
Local cutter number (OCLC) ; Book number/undivided call number, CALL (RLIN)
ف ي و
100 1# - MAIN ENTRY--PERSONAL NAME
Personal name
الفيومي، أحمد بن محمد بن علي،
Dates associated with a name
690-770 هجري
Relator term
مؤلف.
245 12 - TITLE STATEMENT
Title
المصباح المنير في غريب الشرح الكبير للرافعي /
Statement of responsibility, etc.
تأليف أحمد بن محمد بن علي المقري الفيومي.
264 #1 - PRODUCTION, PUBLICATION, DISTRIBUTION, MANUFACTURE, AND COPYRIGHT NOTICE
Place of production, publication, distribution, manufacture
بيروت :
Name of producer, publisher, distributor, manufacturer
المكتبة العلمية،
Date of production, publication, distribution, manufacture, or copyright notice
[بين 1900 و1999]
300 ## - PHYSICAL DESCRIPTION
Extent
مجلد ؛
Other physical details
2 ج في واحد مجلد.
Dimensions
22 سم
336 ## - CONTENT TYPE
Content type term
نص
Content type code
txt
Source
rdacontent
Materials specified
كتاب
337 ## - MEDIA TYPE
Media type term
بدون وسيط
Media type code
n
Source
rdamedia
338 ## - CARRIER TYPE
Carrier type term
مجلد
Carrier type code
nc
Source
rdacarrier
650 #7 - SUBJECT ADDED ENTRY--TOPICAL TERM
Topical term or geographic name entry element
اللغة العربية
Form subdivision
معاجم
Source of heading or term
aucsh
700 12 - ADDED ENTRY--PERSONAL NAME
Personal name
الرافعي، عبد الكريم بن محمد بن عبد الكريم،
Dates associated with a name
557-623 هجري.
Relationship information
شرح لـ :
Title of a work
فتح العزيز في شرح الوجيز
942 ## - ADDED ENTRY ELEMENTS (KOHA)
Source of classification or shelving scheme
Dewey Decimal Classification
Koha item type
Books
Suppress in OPAC
No
949 ## - LOCAL PROCESSING INFORMATION (OCLC)
a
SA-JeALM
d
250708
u
osman123
n
1
Holdings
Withdrawn status
Lost status
Source of classification or shelving scheme
Materials specified (bound volume or other part)
Damaged status
Not for loan
Home library
Current library
Date acquired
Total checkouts
Full call number
Barcode
Date last seen
Price effective from
Koha item type
Dewey Decimal Classification
المجلد الاول (الجزء الاول و الثاني)
DR AbdElwahab Library
DR AbdElwahab Library
07/10/2025
413 ف ي و
000015772
07/10/2025
07/10/2025
Books
Place hold
Print
Add to your cart
(remove)
Save record
BIBTEX
Dublin Core
MARCXML
MARC (non-Unicode/MARC-8)
MARC (Unicode/UTF-8)
MARC (Unicode/UTF-8, Standard)
MODS (XML)
RIS
ISBD
More searches
Search for this title in:
Other Libraries (WorldCat)
Other Databases (Google Scholar)
Online Stores (Bookfinder.com)
Open Library (openlibrary.org)
Exporting to Dublin Core...
×
Simple DC-RDF
OAI-DC
SRW-DC